| 000 | 00841nam a22002177a 4500 | ||
|---|---|---|---|
| 005 | 20170620085714.0 | ||
| 008 | 170620b mx||||| |||| 00| 0 spa d | ||
| 020 | _a9786070055362 | ||
| 050 | 0 | 4 |
_aPN4973.G73 _bG66 2012 |
| 100 | 1 |
_aGómez Gallardo, Perla _ecomp. |
|
| 245 | 1 | 0 |
_aPalabras a Miguel Ángel Granados Chapa : _bLibro homenaje al maestro / _cCompiladores Perla Gómez Gallardo, Raúl Canseco Rojano ; presentación Virgilio Caballero |
| 250 | _a1a ed. | ||
| 260 |
_aMéxico : _bFundación para la Libertad de Expresión, _c2012 |
||
| 300 |
_a143 p. : _bil. ; _c21 cm. |
||
| 504 | _aIncluye índice | ||
| 600 |
_aGranados Chapa, Miguel Ángel _d1941-2011 |
||
| 650 | 7 |
_2Lemb _aPeriodistas _vBiografía _zMéxico |
|
| 700 | 1 |
_aCanseco Rojano, Raúl _ecomp. |
|
| 700 | 1 |
_aCaballero, Virgilio _epresent. |
|
| 942 |
_2lcc _cLIB |
||
| 999 |
_c134895 _d134895 |
||